AH International Schools' Libraries

(Khmer) Asbov / (Record no. 47453)

MARC details
000 -LEADER
fixed length control field 00281nam a2200109 4500
020 ## - INTERNATIONAL STANDARD BOOK NUMBER
International Standard Book Number 9789924341444
245 ## - TITLE STATEMENT
Title (Khmer) Asbov /
Statement of responsibility, etc Ang Choulean.
260 ## - PUBLICATION, DISTRIBUTION, ETC. (IMPRINT)
Place of publication, distribution, etc Cambodia:
Name of publisher, distributor, etc Sipar;
Date of publication, distribution, etc 2022.
300 ## - PHYSICAL DESCRIPTION
Extent 122 p.
Dimensions 20 cm.
700 ## - ADDED ENTRY--PERSONAL NAME
Relator code illustrator.
Personal name Meas Saran.
942 ## - ADDED ENTRY ELEMENTS (KOHA)
Source of classification or shelving scheme
Koha item type YA KHMER FIC BOOKS
Holdings
Withdrawn status Lost status Source of classification or shelving scheme Damaged status Not for loan Collection code Home library Current library Date acquired Total Checkouts Full call number Barcode Date last seen Price effective from Koha item type
          Siem Riep Asian Hope Secondary Library Asian Hope Secondary Library 09/24/2024   YA FIC ANG 206102 01/16/2026 09/24/2024 Book

For any Logos Library related questions please contact Miss Art at swongnarasuk@asianhope.org.

For any Asian Hope Library related questions please contact Miss Raza at graza@asianhope.org.

Powered by Koha